| 000 | 00543nam a22001937a 4500 | ||
|---|---|---|---|
| 005 | 20251108164358.0 | ||
| 008 | 250721s1979 xx 000 0 ara d | ||
| 082 | 1 | 4 | _a811.03/شوق |
| 100 | 1 | _aضيف، شوقي | |
| 245 | 1 | 0 | _aالرثاء / |
| 250 | _aط3. | ||
| 264 | 1 |
_aالقاهرة : _bدار المعارف، _c1979. |
|
| 300 | _a107 ص | ||
| 490 | 0 | _aفنون الأدب العربي : الفن الغنائي ؛2 | |
| 650 | 1 | 7 | _aالشعر العربي |
| 650 | 1 | 7 | _aشعر الرثاء |
| 942 |
_2ddc _cBK |
||
| 999 |
_c10702 _d10702 |
||